Statistics for 15 Largest Cities in North America (with a map)

Click here to take the quiz!

General Stats

  • This quiz has been taken 5,304 times
  • The average score is 14 of 15

Answers on the Map

Answers color-coded by a green-red scale on the quiz's map according to % correct below.
Loading ...
 

Answer Stats

PopulationCity% Correct
22,400,000New York City
100%
22,800,000Mexico City
99%
17,800,000Los Angeles
99%
6,350,000Miami
98%
9,750,000Chicago
96%
7,850,000San Francisco
96%
7,650,000Boston
95%
7,100,000Dallas
94%
6,600,000Houston
94%
8,550,000Washington, DC
93%
7,350,000Toronto
90%
5,700,000Detroit
90%
5,800,000Atlanta
89%
7,350,000Philadelphia
88%
5,250,000Guadalajara
61%

Score Distribution

Percentile by Number Answered

Percent of People with Each Score

Your Score History

You have not taken this quiz